A verdade Da historia (Record no. 4185)

MARC details
000 -LEADER
fixed length control field 00389nam a22001457a 4500
008 - FIXED-LENGTH DATA ELEMENTS--GENERAL INFORMATION
fixed length control field 250708b |||||||| |||| 00| 0 eng d
020 ## - INTERNATIONAL STANDARD BOOK NUMBER
ISBN 97898920692996
100 ## - MAIN ENTRY--AUTHOR
Author Neves Delfim
245 ## - TITLE STATEMENT
Title A verdade Da historia
260 ## - PUBLICATION, DISTRIBUTION, ETC. (IMPRINT)
Place of publication south Africa
Name of publisher VARZEN DA RAINHA IMPRESSORE
Date of publication 2016
300 ## - COLLATION
Pagination 442P.
650 ## - TRACINGS
Main Subject Justice Administrative
942 ## - ADDED ENTRY ELEMENTS (KOHA)
Item type Books
050 ## - LIBRARY OF CONGRESS CALL NUMBER
Classification number JQ 3685
Item number .A 58.N48
Holdings
Source of classification or shelving scheme Not for loan Permanent location Current location Date acquired Accession No. Full call number Barcode. Koha item type
Library of Congress Classification   Samuel Ogbemudia Main Library, University of Abuja Samuel Ogbemudia Main Library, University of Abuja 07/08/2025 2025/65186 JQ 3685 .A 58.N48 2025-2930 Books